| 000 | 01050nac a22003017a 4500 | ||
|---|---|---|---|
| 001 | BR9300900 | ||
| 003 | BR-BrBNA | ||
| 005 | 20240105121418.0 | ||
| 008 | 230509b bl.|||m| |||| 00| 0 por d | ||
| 040 |
_aBR-BrBNA _bpor _cBiblioteca Nacional de Agricultura |
||
| 072 | _aK10 | ||
| 090 | _aK10 BR9300900 | ||
| 100 | 1 | _aOliveira, M.V.N. d' | |
| 100 | 1 | _aMendes, I.M. da S. | |
| 100 | 1 | _aSilveira, G. da S. | |
| 110 | 1 | _aCentro de Pesquisa Agroflorestal do Acre, Rio Branco (Brasil) | |
| 245 | 1 | _aEstudo do mulateiro, Calycophyllum spruceanum Benth, em condicoes de ocorrencia natural e em plantios homogeneos | |
| 260 | 3 |
_aRio Branco, AC (Brasil): _c1992. |
|
| 300 | _a17 p. | ||
| 490 |
_aBoletim de Pesquisa - Centro de Pesquisa Agroflorestal do Acre (Brazil) _vno. 8 _xISSN 0101-7600 |
||
| 500 | _a5 ref.; 5 tables; Summary (Pt) | ||
| 650 | _aMulateiro | ||
| 650 | _aProducao Florestal | ||
| 650 | _aDendrometria | ||
| 650 | _aDistribuicao Geografica | ||
| 909 |
_a202312 _bLúcia Elande _c55 _dLúcia Elande |
||
| 942 |
_2AGRIS _n0 _cMS |
||
| 999 |
_c285153 _d285153 |
||